| 000 | 00509nam a2200169 a 4500 | ||
|---|---|---|---|
| 001 | 000031988 | ||
| 005 | 20200930063333.0 | ||
| 008 | 110707s19uu dr a 000 0 spa d | ||
| 040 |
_aDO-SdBNP _bspa _cBNPHU |
||
| 082 |
_axxxx _bF198 |
||
| 245 | 0 | 3 |
_aLa familia : _bmi equipo favorito. |
| 260 |
_a[Santo Domingo : _bEdiciones Divulgativas, _c19--?]. |
||
| 300 |
_a11 p. : _bil. ; _c21 cm. |
||
| 490 | 1 |
_aNiño, familia y comunidad _vno. 17 |
|
| 830 | 0 |
_aNiño, familia y comunidad _vno. 17 _958147 |
|
| 049 | _aBNPD | ||
| 999 |
_c31479 _d31479 |
||